00405nam a2200145Ia 4500008004100000020001500041041001200056082001600068100001500084245009200099260002500191300000800216650001900224700001600243221030s9999 xx 000 0 und d a0070589372 aEnglish a105.23bKru aH. Kruglak 0aSchaum`s Outlines of Theory & Problems of Basic Mathematicscby H. Kruglak, J. T. Moore bTMHaNew Delhic2005 a488 aBE Mathematics aJ. T. Moore